| 000 | 01134cam a2200325 a 4500 | ||
|---|---|---|---|
| 999 |
_c201 _d201 |
||
| 001 | 15900013 | ||
| 003 | GZU | ||
| 005 | 20200713140601.0 | ||
| 008 | 090909r20101978caua b 001 0 eng | ||
| 010 | _a 2009502445 | ||
| 020 | _a9780495804116 (pbk.) | ||
| 040 |
_aDLC _cDLC _dDLC |
||
| 050 | 0 | 0 |
_aBC177 _b.C39 2010 |
| 100 | 1 | _aCavender, Nancy. | |
| 245 | 1 | 0 |
_aLogic and contemporary rhetoric : _bthe use of reason in everyday life / _cHoward Kahane. |
| 250 | _a11th ed. | ||
| 260 |
_aBelmont, Calif. : _bWadsworth Pub. Co., _c2010. |
||
| 300 |
_axv, 415 p. : _bill. ; _c24 cm. |
||
| 500 | _aHoward Kahane as 1t author in previous ed. | ||
| 504 | _aIncludes bibliographical references (p. 375-384) and index. | ||
| 650 | 0 | _aReasoning. | |
| 650 | 0 | _aFallacies (Logic) | |
| 650 | 0 | _aJudgment (Logic) | |
| 650 | 0 | _aMass media. | |
| 650 | 0 | _aTextbooks. | |
| 700 | 1 |
_aKahane, Howard, _d1928- |
|
| 906 |
_a7 _bibc _corigcop _d3 _encip _f20 _gy-gencatlg |
||
| 942 |
_2lcc _cBK _e8th ed. _h177 _iKAH _kBC |
||